Microsoft Excel 5 for Windows : βήμα βήμα
Αποθηκεύτηκε σε:
| Άλλοι συγγραφείς: | |
|---|---|
| Μορφή: | Βιβλίο |
| Γλώσσα: | Greek |
| Δημοσίευση: |
Αθήνα :
Κλειδάριθμος,
1994
|
| Θέματα: | |
| Ετικέτες: |
Προσθήκη ετικέτας
Δεν υπάρχουν, Καταχωρήστε ετικέτα πρώτοι!
|
MARC
| LEADER | 00000nam a2200000 i 4500 | ||
|---|---|---|---|
| 001 | 1/64418 | ||
| 008 | 960611s1994 gre d | ||
| 020 | |a 9603320218 | ||
| 035 | |l 10029422 | ||
| 040 | |a GR-MY-UA |b gre |e aacr | ||
| 041 | 0 | |a gre | |
| 082 | 0 | |a 005.43 | |
| 245 | 1 | 0 | |a Microsoft Excel 5 for Windows : |b βήμα βήμα / |c Μετ.:Παναγιώτης Σταυρόπουλος |
| 260 | |a Αθήνα : |b Κλειδάριθμος, |c 1994 | ||
| 300 | |a 430 σ. |e 1 disk 3.5" | ||
| 650 | 0 | 0 | |a Windows (Computer programs) |
| 700 | 1 | |a Σταυρόπουλος, Παναγιώτης. |4 trl | |
| 852 | |a INST |b CHIOS |e 19960611 |h 005.43 MIC |p 005200003781 |q 005200003781 |t BK |y 620 | ||
| 852 | |a INST |b CHIOS |e 19981103 |h 005.43 MIC |p 005200015370 |q 005200015370 |t BK |y 0 | ||
| 909 | |a Χ |b 037317 | ||
| 909 | |a X |b 055026 | ||